| Поле | Инд. | ПП | Название | Значение |
|---|---|---|---|---|
| Тип записи | a | |||
| Библиографический уровень | m | |||
| 001 | Контрольный номер | 8f124db9-adc7-4d69-aa6b-40e09f2b353b | ||
| 005 | Дата корректировки | 20150811102327.8 | ||
| 008 | Кодируемые данные | 060116 | ||
| 020 | a | ISBN | 5-8291-0514-4 | |
| a | ISBN | 5-902766-08-7 | ||
| c | Цена, тираж | 120.00 | ||
| 040 | a | Служба первич. каталог. | НБ ТвГУ | |
| 041 | 0_ | a | Код языка текста | rus |
| 080 | a | Индекс УДК | 336.71(075.8) | |
| 084 | a | Индекс другой классификации/Индекс ББК | У9(2Рос)262.10я73-1 | |
| 090 | x | Авторский знак | Г55 | |
| a | Полочн. индекс | У9(2Рос) | ||
| 100 | 1_ | a | Автор | Глушкова Наталья Борисовна |
| 245 | 10 | a | Заглавие | Банковское дело |
| b | Продолж. заглавия | учеб. пособие для студентов, обучающихся по специальности "Финансы и кредит" | ||
| c | Ответственность | Н. Б. Глушкова | ||
| 260 | 0_ | a | Место издания | Москва |
| b | Издательство | Академический проект | ||
| c | Дата издания | 2005 | ||
| 300 | a | Объем | 428, [2] с. | |
| b | Иллюстрации/ тип воспроизводства | табл. | ||
| 440 | _0 | a | Серия | Gaudeamus |
| 504 | a | Библиография | Библиогр.: с. 428. | |
| 583 | a | Действие | Получение впервые 6 16.01.2006 | |
| k | Исполнитель действия | Дар Глушковой Н.Б. | ||
| 650 | 04 | a | Основная рубрика | Банковское дело |
| x | Основная подрубрика | Учебники для вузов | ||
| 650 | 04 | a | Основная рубрика | Банки коммерческие |
| 650 | 04 | a | Основная рубрика | Кредит |
| 653 | 0_ | a | Ключевые слова | Банковское дело |
| a | Ключевые слова | Банки | ||
| a | Ключевые слова | Коммерческие банки | ||
| a | Ключевые слова | Кредит | ||
| a | Ключевые слова | Банковские операции | ||
| a | Ключевые слова | Труды Тверского государственного университета | ||
| 852 | 41 | t | Порядковый номер экземпляра | 5 |
| p | Инвентарный номер | 832605 | ||
| p | Инвентарный номер | 832606 | ||
| p | Инвентарный номер | 832607 | ||
| p | Инвентарный номер | 832608 | ||
| p | Инвентарный номер | 832609 | ||
| 863 | t | 00113483 | ||
| 863 | t | 00113484 | ||
| 863 | t | 00113485 | ||
| 863 | t | 00113486 | ||
| 863 | t | 00113487 | ||
| 888 | a | Бесплатные | ||
| 930 | a | Новая/Ретро | учебники | |
| 952 | p | 6.2006 120.00 1 832605 | ||
| p | 6.2006 120.00 1 832606 | |||
| p | 6.2006 120.00 1 832607 | |||
| p | 6.2006 120.00 1 832608 | |||
| p | 6.2006 120.00 1 832609 | |||
| c | Вид литературы | К ру | ||
| 954 | a | Дата поступления на обработку | 20060117 | |
| 999 | a | Подразделение 2 | Фил1 |